Enterprise, Entrepreneurship and Small Business (Record no. 5358)

MARC details
005 - DATE AND TIME OF LATEST TRANSACTION
control field 20250626133221.0
020 ## - INTERNATIONAL STANDARD BOOK NUMBER
International Standard Book Number 978-1-4129-0884-9
082 ## - DEWEY DECIMAL CLASSIFICATION NUMBER
Classification number 338.04
100 ## - MAIN ENTRY--PERSONAL NAME
Author name DOWN,S.
245 ## - TITLE STATEMENT
Title Enterprise, Entrepreneurship and Small Business
260 ## - PUBLICATION, DISTRIBUTION, ETC.
Place of publication, distribution, etc. London,
Name of publisher, distributor, etc. SAGE Publications Ltd,
Date of publication, distribution, etc. 2010.
300 ## - PHYSICAL DESCRIPTION
Extent xiii,234p.:ill.;figures
Other physical details Bibliography and Index
Dimensions 24cm
942 ## - ADDED ENTRY ELEMENTS (KOHA)
Source of classification or shelving scheme Dewey Decimal Classification
Koha item type Books
Holdings
Date last seen Total checkouts Full call number Barcode Cost, replacement price Price effective from Koha item type Lost status Source of classification or shelving scheme Damaged status Not for loan Withdrawn status Home library Current library Shelving location Date acquired Source of acquisition Cost, normal purchase price
06/26/2025   338.04 DOW MZA0002330 60000.00 06/26/2025 Books   Dewey Decimal Classification       CBE Mwanza CBE Mwanza General Collection 07/28/2017 TLSB Donation 20000.00